<?xml version="1.0" encoding="UTF-8"?>
<record
    xmlns:xsi="http://www.w3.org/2001/XMLSchema-instance"
    xsi:schemaLocation="http://www.loc.gov/MARC21/slim http://www.loc.gov/standards/marcxml/schema/MARC21slim.xsd"
    xmlns="http://www.loc.gov/MARC21/slim">

  <leader>00586nam a2200193 a 4500</leader>
  <controlfield tag="005">20150310020002.0</controlfield>
  <controlfield tag="008">140122b2004    ck ||||| |||| 00| 0 spa d</controlfield>
  <datafield tag="041" ind1=" " ind2=" ">
    <subfield code="a">spa</subfield>
  </datafield>
  <datafield tag="044" ind1=" " ind2=" ">
    <subfield code="a">ck</subfield>
  </datafield>
  <datafield tag="090" ind1=" " ind2=" ">
    <subfield code="a">IAVH</subfield>
    <subfield code="b">00290</subfield>
  </datafield>
  <datafield tag="100" ind1=" " ind2=" ">
    <subfield code="a">Pedraza Pe&#xF1;aloza, Paola</subfield>
    <subfield code="9">4795</subfield>
  </datafield>
  <datafield tag="245" ind1=" " ind2=" ">
    <subfield code="a">Chisac&#xE1;, un recorrido por los p&#xE1;ramos andinos</subfield>
  </datafield>
  <datafield tag="260" ind1=" " ind2=" ">
    <subfield code="a">Bogot&#xE1;</subfield>
    <subfield code="b">ICN</subfield>
    <subfield code="b">Instituto de Investigaci&#xF3;n de Recursos Biol&#xF3;gicos Alexander von Humboldt</subfield>
    <subfield code="c">2004</subfield>
  </datafield>
  <datafield tag="300" ind1=" " ind2=" ">
    <subfield code="a">340 p.</subfield>
  </datafield>
  <datafield tag="700" ind1=" " ind2=" ">
    <subfield code="a">Betancur, Julio</subfield>
    <subfield code="9">4620</subfield>
  </datafield>
  <datafield tag="700" ind1=" " ind2=" ">
    <subfield code="a">Franco Rosselli, Pilar</subfield>
    <subfield code="9">4796</subfield>
  </datafield>
  <datafield tag="942" ind1=" " ind2=" ">
    <subfield code="c">CD-ROM</subfield>
    <subfield code="0">4</subfield>
    <subfield code="2">z</subfield>
  </datafield>
  <datafield tag="945" ind1=" " ind2=" ">
    <subfield code="d">2004-09-28</subfield>
  </datafield>
  <datafield tag="999" ind1=" " ind2=" ">
    <subfield code="c">4161</subfield>
    <subfield code="d">4161</subfield>
  </datafield>
  <datafield tag="952" ind1=" " ind2=" ">
    <subfield code="0">0</subfield>
    <subfield code="1">0</subfield>
    <subfield code="2">z</subfield>
    <subfield code="4">0</subfield>
    <subfield code="7">0</subfield>
    <subfield code="8">BOTANICA</subfield>
    <subfield code="I">INV2017</subfield>
    <subfield code="a">Villa</subfield>
    <subfield code="b">Villa</subfield>
    <subfield code="d">2004-09-28</subfield>
    <subfield code="e">Instituto</subfield>
    <subfield code="g">30000.00</subfield>
    <subfield code="l">0</subfield>
    <subfield code="o">IAVH-00290</subfield>
    <subfield code="p">016731</subfield>
    <subfield code="r">2012-12-04 00:00:00</subfield>
    <subfield code="t">Ej. 1</subfield>
    <subfield code="w">2012-12-04</subfield>
    <subfield code="x">Original</subfield>
    <subfield code="y">LIBRO</subfield>
  </datafield>
  <datafield tag="952" ind1=" " ind2=" ">
    <subfield code="0">0</subfield>
    <subfield code="1">0</subfield>
    <subfield code="2">ddc</subfield>
    <subfield code="4">0</subfield>
    <subfield code="7">0</subfield>
    <subfield code="8">HUMBOLDT</subfield>
    <subfield code="I">INV2017</subfield>
    <subfield code="a">Venado</subfield>
    <subfield code="b">Venado</subfield>
    <subfield code="d">2014-07-18</subfield>
    <subfield code="e">Instituto</subfield>
    <subfield code="g">30000.00</subfield>
    <subfield code="l">1</subfield>
    <subfield code="m">2</subfield>
    <subfield code="o">IAVH-574.52632 P37c</subfield>
    <subfield code="p">016732</subfield>
    <subfield code="r">2015-03-20 00:00:00</subfield>
    <subfield code="s">2015-03-09</subfield>
    <subfield code="t">Ej. 4</subfield>
    <subfield code="w">2012-12-04</subfield>
    <subfield code="x">Dep&#xF3;sito Institucional</subfield>
    <subfield code="y">LIBRO</subfield>
  </datafield>
  <datafield tag="952" ind1=" " ind2=" ">
    <subfield code="0">0</subfield>
    <subfield code="1">0</subfield>
    <subfield code="2">ddc</subfield>
    <subfield code="4">0</subfield>
    <subfield code="7">0</subfield>
    <subfield code="8">HUMBOLDT</subfield>
    <subfield code="I">INV2017</subfield>
    <subfield code="a">Venado</subfield>
    <subfield code="b">Venado</subfield>
    <subfield code="d">2014-07-18</subfield>
    <subfield code="e">Instituto</subfield>
    <subfield code="g">30000.00</subfield>
    <subfield code="l">0</subfield>
    <subfield code="o">IAVH-574.52632 P37c</subfield>
    <subfield code="p">016733</subfield>
    <subfield code="r">2012-12-04 00:00:00</subfield>
    <subfield code="t">Ej. 5</subfield>
    <subfield code="w">2012-12-04</subfield>
    <subfield code="x">Dep&#xF3;sito Institucional</subfield>
    <subfield code="y">LIBRO</subfield>
  </datafield>
  <datafield tag="952" ind1=" " ind2=" ">
    <subfield code="0">0</subfield>
    <subfield code="1">0</subfield>
    <subfield code="2">ddc</subfield>
    <subfield code="4">0</subfield>
    <subfield code="7">0</subfield>
    <subfield code="8">HUMBOLDT</subfield>
    <subfield code="a">Bogota</subfield>
    <subfield code="b">Bogota</subfield>
    <subfield code="d">2004-09-28</subfield>
    <subfield code="l">3</subfield>
    <subfield code="o">IAVH-574.52632 P37c</subfield>
    <subfield code="p">016734</subfield>
    <subfield code="r">2019-11-13 00:00:00</subfield>
    <subfield code="s">2019-11-13</subfield>
    <subfield code="t">Ej. 1</subfield>
    <subfield code="w">2012-12-04</subfield>
    <subfield code="x">Institucional</subfield>
    <subfield code="y">LIBRO</subfield>
  </datafield>
  <datafield tag="952" ind1=" " ind2=" ">
    <subfield code="0">0</subfield>
    <subfield code="1">0</subfield>
    <subfield code="2">ddc</subfield>
    <subfield code="4">0</subfield>
    <subfield code="7">0</subfield>
    <subfield code="8">HUMBOLDT</subfield>
    <subfield code="a">Bogota</subfield>
    <subfield code="b">Bogota</subfield>
    <subfield code="d">2004-09-28</subfield>
    <subfield code="l">1</subfield>
    <subfield code="o">IAVH-574.52632 P37c</subfield>
    <subfield code="p">016735</subfield>
    <subfield code="r">2013-09-04 00:00:00</subfield>
    <subfield code="s">2013-01-16</subfield>
    <subfield code="t">Ej. 2</subfield>
    <subfield code="w">2012-12-04</subfield>
    <subfield code="x">Institucional</subfield>
    <subfield code="y">LIBRO</subfield>
  </datafield>
  <datafield tag="952" ind1=" " ind2=" ">
    <subfield code="0">0</subfield>
    <subfield code="1">4</subfield>
    <subfield code="2">ddc</subfield>
    <subfield code="4">0</subfield>
    <subfield code="7">0</subfield>
    <subfield code="8">HUMBOLDT</subfield>
    <subfield code="a">Bogota</subfield>
    <subfield code="b">Bogota</subfield>
    <subfield code="d">2004-09-28</subfield>
    <subfield code="e">CID Humboldt</subfield>
    <subfield code="l">0</subfield>
    <subfield code="o">IAVH-574.52632 P37c</subfield>
    <subfield code="p">016736</subfield>
    <subfield code="r">2012-12-04 00:00:00</subfield>
    <subfield code="t">Ej. 3</subfield>
    <subfield code="w">2012-12-04</subfield>
    <subfield code="x">Institucional</subfield>
    <subfield code="y">LIBRO</subfield>
  </datafield>
  <datafield tag="952" ind1=" " ind2=" ">
    <subfield code="0">0</subfield>
    <subfield code="1">0</subfield>
    <subfield code="2">z</subfield>
    <subfield code="4">0</subfield>
    <subfield code="7">0</subfield>
    <subfield code="8">MEDIOSM</subfield>
    <subfield code="a">Bogota</subfield>
    <subfield code="b">Bogota</subfield>
    <subfield code="d">2013-11-21</subfield>
    <subfield code="l">0</subfield>
    <subfield code="o">IAVH-00290</subfield>
    <subfield code="p">058849</subfield>
    <subfield code="r">2013-11-21 00:00:00</subfield>
    <subfield code="t">Ej. 4</subfield>
    <subfield code="w">2013-11-21</subfield>
    <subfield code="x">Original</subfield>
    <subfield code="y">CD-ROM</subfield>
    <subfield code="z">Parte 5</subfield>
  </datafield>
  <datafield tag="952" ind1=" " ind2=" ">
    <subfield code="0">0</subfield>
    <subfield code="1">0</subfield>
    <subfield code="2">z</subfield>
    <subfield code="4">0</subfield>
    <subfield code="7">0</subfield>
    <subfield code="8">MEDIOSM</subfield>
    <subfield code="a">Bogota</subfield>
    <subfield code="b">Bogota</subfield>
    <subfield code="d">2013-11-22</subfield>
    <subfield code="l">0</subfield>
    <subfield code="o">IAVH-00290</subfield>
    <subfield code="p">058732</subfield>
    <subfield code="r">2013-11-22 00:00:00</subfield>
    <subfield code="t">Ej. 5</subfield>
    <subfield code="w">2013-11-22</subfield>
    <subfield code="x">Original</subfield>
    <subfield code="y">CD-ROM</subfield>
    <subfield code="z">Parte 3</subfield>
  </datafield>
  <datafield tag="952" ind1=" " ind2=" ">
    <subfield code="0">0</subfield>
    <subfield code="1">0</subfield>
    <subfield code="2">z</subfield>
    <subfield code="4">0</subfield>
    <subfield code="7">0</subfield>
    <subfield code="8">MEDIOSM</subfield>
    <subfield code="a">Bogota</subfield>
    <subfield code="b">Bogota</subfield>
    <subfield code="d">2013-11-22</subfield>
    <subfield code="l">0</subfield>
    <subfield code="o">IAVH-00290</subfield>
    <subfield code="p">058728</subfield>
    <subfield code="r">2013-11-22 00:00:00</subfield>
    <subfield code="t">Ej. 6</subfield>
    <subfield code="w">2013-11-22</subfield>
    <subfield code="x">Original</subfield>
    <subfield code="y">CD-ROM</subfield>
    <subfield code="z">Fuentes, portada, preliminares, parte 1 y 2</subfield>
  </datafield>
  <datafield tag="952" ind1=" " ind2=" ">
    <subfield code="0">0</subfield>
    <subfield code="1">0</subfield>
    <subfield code="2">z</subfield>
    <subfield code="4">0</subfield>
    <subfield code="7">0</subfield>
    <subfield code="8">MEDIOSM</subfield>
    <subfield code="a">Bogota</subfield>
    <subfield code="b">Bogota</subfield>
    <subfield code="d">2013-11-22</subfield>
    <subfield code="l">1</subfield>
    <subfield code="o">IAVH-00290</subfield>
    <subfield code="p">058727</subfield>
    <subfield code="r">2014-05-21 00:00:00</subfield>
    <subfield code="s">2014-05-21</subfield>
    <subfield code="t">Ej. 7</subfield>
    <subfield code="w">2013-11-22</subfield>
    <subfield code="x">Original</subfield>
    <subfield code="y">CD-ROM</subfield>
    <subfield code="z">Portada Preliminares parte 1 y 2 (Fuentes)</subfield>
  </datafield>
  <datafield tag="952" ind1=" " ind2=" ">
    <subfield code="0">0</subfield>
    <subfield code="1">0</subfield>
    <subfield code="2">z</subfield>
    <subfield code="4">0</subfield>
    <subfield code="7">0</subfield>
    <subfield code="8">MEDIOSM</subfield>
    <subfield code="a">Bogota</subfield>
    <subfield code="b">Bogota</subfield>
    <subfield code="d">2013-11-22</subfield>
    <subfield code="l">0</subfield>
    <subfield code="o">IAVH-00290</subfield>
    <subfield code="p">058729</subfield>
    <subfield code="r">2013-11-22 00:00:00</subfield>
    <subfield code="t">Ej. 8</subfield>
    <subfield code="w">2013-11-22</subfield>
    <subfield code="x">Original</subfield>
    <subfield code="y">CD-ROM</subfield>
    <subfield code="z">Parte 5</subfield>
  </datafield>
  <datafield tag="952" ind1=" " ind2=" ">
    <subfield code="0">0</subfield>
    <subfield code="1">0</subfield>
    <subfield code="2">z</subfield>
    <subfield code="4">0</subfield>
    <subfield code="7">0</subfield>
    <subfield code="8">MEDIOSM</subfield>
    <subfield code="a">Bogota</subfield>
    <subfield code="b">Bogota</subfield>
    <subfield code="d">2013-11-22</subfield>
    <subfield code="l">0</subfield>
    <subfield code="o">IAVH-00290</subfield>
    <subfield code="p">058723</subfield>
    <subfield code="r">2013-11-22 00:00:00</subfield>
    <subfield code="t">Ej. 9</subfield>
    <subfield code="w">2013-11-22</subfield>
    <subfield code="x">Original</subfield>
    <subfield code="y">CD-ROM</subfield>
    <subfield code="z">Parte 4</subfield>
  </datafield>
  <datafield tag="952" ind1=" " ind2=" ">
    <subfield code="0">0</subfield>
    <subfield code="1">0</subfield>
    <subfield code="2">z</subfield>
    <subfield code="4">0</subfield>
    <subfield code="7">0</subfield>
    <subfield code="8">MEDIOSM</subfield>
    <subfield code="a">Bogota</subfield>
    <subfield code="b">Bogota</subfield>
    <subfield code="d">2013-11-22</subfield>
    <subfield code="l">0</subfield>
    <subfield code="o">IAVH-00290</subfield>
    <subfield code="p">058730</subfield>
    <subfield code="r">2013-11-22 00:00:00</subfield>
    <subfield code="t">Ej. 10</subfield>
    <subfield code="w">2013-11-22</subfield>
    <subfield code="x">Original</subfield>
    <subfield code="y">CD-ROM</subfield>
    <subfield code="z">Partes 6 y 7</subfield>
  </datafield>
  <datafield tag="952" ind1=" " ind2=" ">
    <subfield code="0">0</subfield>
    <subfield code="1">0</subfield>
    <subfield code="2">z</subfield>
    <subfield code="4">0</subfield>
    <subfield code="7">0</subfield>
    <subfield code="8">MEDIOSM</subfield>
    <subfield code="a">Bogota</subfield>
    <subfield code="b">Bogota</subfield>
    <subfield code="d">2013-11-22</subfield>
    <subfield code="l">0</subfield>
    <subfield code="o">IAVH-00290</subfield>
    <subfield code="p">058731</subfield>
    <subfield code="r">2013-11-22 00:00:00</subfield>
    <subfield code="t">Ej. 11</subfield>
    <subfield code="w">2013-11-22</subfield>
    <subfield code="x">Original</subfield>
    <subfield code="y">CD-ROM</subfield>
    <subfield code="z">Fuentes Preliminares-Portada Partes 1 y 2</subfield>
  </datafield>
</record>
